El fistol del Diablo / (Record no. 117032)

MARC details
000 -LEADER
campo de control de longitud fija 00644nam a2200205 4500
001 - NÚMERO DE CONTROL
campo de control 117032
003 - IDENTIFICADOR DE NÚMERO DE CONTROL
campo de control ES-MaACL
007 - CAMPO FIJO DE DESCRIPCIÓN FÍSICA--INFORMACIÓN GENERAL
campo de control de longitud fija t|
008 - DATOS DE LONGITUD FIJA--INFORMACIÓN GENERAL
campo de control de longitud fija 070228s1967 mx r ||||1| spa d
100 1# - ENTRADA PRINCIPAL--NOMBRE DE PERSONA
Nombre de persona Payno, Manuel.
9 (RLIN) 89732
245 13 - MENCIÓN DEL TÍTULO
Título El fistol del Diablo /
Mención de responsabilidad, etc. Manuel Payno ; texto establecido y estudio preliminar de Antonio Castro Leal.
250 ## - MENCION DE EDICION
Mención de edición 2ª ed.
260 ## - PUBLICACIÓN, DISTRIBUCIÓN, ETC.
Lugar de publicación, distribución, etc. México :
Nombre del editor, distribuidor, etc. Porrúa,
Fecha de publicación, distribución, etc. 1967.
300 ## - DESCRIPCIÓN FÍSICA
Extensión XXXII, 894 p. ;
Dimensiones 22 cm.
490 1# - MENCIÓN DE SERIE
Mención de serie Sepan cuantos... ;
Designación de volumen o secuencia 80
700 1# - ENTRADA AGREGADA--NOMBRE PERSONAL
Nombre de persona Castro Leal, Antonio.
9 (RLIN) 36930
830 00 - PUNTO DE ACCESO ADICIONAL DE SERIE-TÍTULO UNIFORME
Título uniforme Sepan cuantos_
Designación de volumen o secuencia 80
9 (RLIN) 180801
852 ## - LOCALIZACIÓN
Ubicación ES-MaACL
Número de control de estantería E-9155
Sublocalización o colección R.93828
Holdings
Estatus retirado Estado de pérdida Estado de daño No para préstamo Biblioteca de origen Biblioteca actual Ubicación en estantería Fecha de adquisición Fuente de adquisición Total de préstamos Signatura topográfica completa Código de barras Visto por última vez Precio de reemplazo Tipo de ítem Koha
        Biblioteca del Ateneo de Madrid Biblioteca del Ateneo de Madrid Depósito 2 17/01/2008     E-9155 1122022 23/02/2023 23/02/2023 Libro impreso